| 000 | 00567nam a22001817a 4500 | ||
|---|---|---|---|
| 003 | OSt | ||
| 005 | 20260210101452.0 | ||
| 008 | 260210b |||||||| |||| 00| 0 eng d | ||
| 020 | _a9781442210776 | ||
| 040 | _aSEKU | ||
| 050 |
_aLB 2835.25 _b.W56 2012 |
||
| 100 | _aWinters A. Marcus | ||
| 245 |
_aTeachers Matter, _bRethinking how public schools identify, reward, and retain great educators : _cMarcus A. Winters. |
||
| 260 |
_aLanham, _bRowman and Littlefield publishers, inc : _c2012. |
||
| 300 | _a153 p. | ||
| 504 | _aIncludes bibliography. | ||
| 942 |
_2lcc _cGEN |
||
| 999 |
_c18753 _d18753 |
||